| 000 | 00930nam a22002537a 4500 | ||
|---|---|---|---|
| 005 | 20100820145811.0 | ||
| 010 | _aENG-101092 | ||
| 020 |
_a9788190674256 _c60.00 |
||
| 020 |
_a8190674250 _c60.00 |
||
| 035 | _aEN-84625 | ||
| 037 | _bDBAD/PUB | ||
| 082 | _a320.95482 | ||
| 100 |
_aKuppan, R. _923481 |
||
| 245 |
_aFormation of the madras presidency / _cby R. Kuppan |
||
| 260 |
_aChennai _bFire Pen Publication _c2008 |
||
| 270 |
_a#11A, I Floor, IV Lane, Somu Street, Royapuram _bChennai _e600013 |
||
| 300 |
_axii,125p. _c21cm (pbk) |
||
| 500 | _aincludes bibliographical references and index | ||
| 650 |
_zIndia - Tamilnadu _923482 |
||
| 650 |
_aPolitical Science _923483 |
||
| 650 |
_zIndia - Madras (Presidency) _923484 |
||
| 942 |
_2ddc _cEN _h320.95482 _mKUP |
||
| 999 |
_c42733 _d42733 |
||